000 00296nam a22001337a 4500
008 171107b xxu||||| |||| 00| 0 eng d
020 _a9780256070422
041 _aeng
080 _a721.053
100 _a62
101 _aAUD
245 _aSTRATEGIC COST ANALYSIS
_cSHANK,J,K
942 _2udc
_cBK
999 _c38165
_d38165